| 000 | 00807nam a2200181Ia 4500 | ||
|---|---|---|---|
| 008 | 090630s9999 xx 000 0 und d | ||
| 082 | _b4857 | ||
| 100 | _aढेरे रामचंद्र चिंतामणी. | ||
| 245 |
_aमहाराष्ट्रचा देव्हारा. _cढेरे रामचंद्र चिंतामणी. |
||
| 260 |
_bविश्वकर्मा. _c1978 |
||
| 300 | _a140 | ||
| 600 | _aढेरे रामचंद्र चिंतामणी. | ||
| 630 | _aमहाराष्ट्रचा देव्हारा. | ||
| 655 | _aधार्मिक. | ||
| 700 | _aढेरे रामचंद्र चिंतामणी. | ||
| 730 | _aमहाराष्ट्रचा देव्हारा. | ||
| 942 | _cBOOK | ||
| 999 |
_c256713 _d256713 |
||